| 000 | 00796nam a2200241 u 4500 | ||
|---|---|---|---|
| 005 | 20260327064206.0 | ||
| 008 | 091023s2007 r 000 0 eng d | ||
| 020 | _a9789507866104 | ||
| 035 | _aUPN01000173415 | ||
| 049 | _aCG | ||
| 050 | 4 |
_aLB2369 _bB6.7 |
|
| 100 | 1 | _aBotta, Mirta | |
| 245 | 1 | 0 |
_aTesis, tesinas, monografías e informes : _bnuevas normas y técnicas de investigación y redacción / _cMirta Botta, Jorge Warley. |
| 260 |
_aBuenos Aires : _bBiblos, _c2007. |
||
| 300 | _a126 p. | ||
| 440 | 0 | _aMetodologías | |
| 650 | 7 |
_aRedacción de escritos técnicos _2 _912156 |
|
| 650 | 4 |
_aRedacción de informes _912161 |
|
| 650 | 4 |
_aTesis y disertaciones académicas _912172 |
|
| 650 | 4 |
_aInvestigación _xMetodología _95209 |
|
| 700 | 1 |
_aWarley, Jorge, _ecoaut. |
|
| 905 | _aLibro | ||
| 999 |
_c145519 _d145519 |
||